ბათუმის შოთა რუსთაველის სახელმწიფო უნივერსიტეტის ბიბლიოთეკა

ელექტროენერგეტიკა : (ბიბ.ჩანაწერი № 50983)

000 -ლიდერი
ფიქსირებული სიგრძის საკონტროლო ველი 01247nam a2200241Ia 4500
001 - საკონტროლო ნომერი
საკონტროლო ველი 17940
003 - საკონტროლო ნომრის იდენტიფიკატორი
საკონტროლო ველი GE_BSU
005 - ბოლო ოპერაციის თარიღი და დრო
საკონტროლო ველი 20200228163156.0
008 - ფიქსირებული სიგრძის მონაცემთა ელემენტები - ზოგადი ინფორმაცია
ფიქსირებული სიგრძის საკონტროლო ველი 181216s2003 xx |||||||||||||| ||geo||
040 ## - კატალოგიზაციის წყარო
Transcribing agency GE_BSU
041 ## - ენის კოდი
Language code of text/sound track or separate title geo
080 ## - უნივერსალური ათობითი კლასიფიკაციის ინდექსი
Universal Decimal Classification number 621.31(075.8) ლ-69
100 ## - მთავარი ჩანაწერი - პიროვნების სახელი
Personal name ლაოშვილი, დ.
9 (RLIN) 7652
245 ## - ცნობა სათაურის შესახებ
Title ელექტროენერგეტიკა :
Remainder of title სახელმძღვანელო უმაღლესი სასწავლებლებისათვის /
Statement of responsibility, etc დ. ლაოშვილი ; სამეცნ. რედ. პ. მერაბიშვილი.[რედ. ბ. ჭუნაშვილი]
264 ## - წარმოების, გამოცემის, დისტრიბუციის და სხვა ცნობები
გამოცემის, წარმოების, დისტრიბუციის... ადგილი თბილისი :
გამოცემის, წარმოების, დისტრიბუციის... სახელწოდება ტექნიკური უნივერსიტეტი,
გამოცემის, წარმოების, დისტრიბუციის... თარიღი 2003.
300 ## - ფიზიკური აღწერა
Extent 384 გვ. :
Other physical details ილ. ;
Dimensions 29 სმ.
504 ## - BIBLIOGRAPHY, ETC. NOTE
Bibliography, etc ბიბლიოგრ.: გვ. 379-380
653 ## - INDEX TERM--UNCONTROLLED
Uncontrolled term ელექტროენერგეტიკა.
653 ## - INDEX TERM--UNCONTROLLED
Uncontrolled term სახელმძღვანელო
700 ## - ADDED ENTRY--PERSONAL NAME
Personal name მერაბიშვილი, პ
Relator term სამეცნიერო რედაქტორი
9 (RLIN) 2765
700 ## - ADDED ENTRY--PERSONAL NAME
Personal name ჭუნაშვილი, ბ
Relator term რედაქტორი
9 (RLIN) 7653
942 ## - ADDED ENTRY ELEMENTS (KOHA)
Koha item type წიგნი
Source of classification or shelving scheme
ეგზემპლარები
ჩამოწერის სტატუსი დაკარგული ეგზემპლარის სტატუსი კლასიფიკაციის წყარო ან თაროზე გაწყობის სქემა დაზიანების სტატუსი არ გაიცემა მუდმივი მდებარეობა (დაცვის ადგილი) ამჟამინდელი ადგილსამყოფელი თაროზე განთავსების ადგილი შეძენის თარიღი სრული შენახვის შიფრი შტრიხკოდი ბოლო ოპერაციის თარიღი ეგზემპლარის მიმდევრობითი ნომერი (კეტერი?) ფასის ძალაში შესვლის თარიღი ეგზემპლარის სახეობა
          ბათუმის შოთა რუსთაველის სახელმწიფო უნივერსიტეტის მთავარი ბიბლიოთეკა ტექნოლოგიური ფაკულტეტის ბიბლიოთეკა წიგნსაცავი 2018-12-17 621.31(075.8) ლ-69 45884 2018-12-17 45884 2018-12-17 წიგნი